Voice over Internet Protocol (VoIP) Security (Record no. 813)
[ view plain ]
| 000 -LEADER | |
|---|---|
| Fixed length control field | 00603nam a2200205 4500 |
| 003 - CONTROL NUMBER IDENTIFIER | |
| Control field | SEACOMEC |
| 005 - DATE AND TIME OF LATEST TRANSACTION | |
| Control field | 20240316130709.0 |
| 008 - FIXED-LENGTH DATA ELEMENTS--GENERAL INFORMATION | |
| Fixed length control field | 240316b |||||||| |||| 00| 0 eng d |
| 020 ## - INTERNATIONAL STANDARD BOOK NUMBER / ISBN | |
| International Standard Book Number | 978-1555583323 |
| Price | Rs.495.00 |
| 040 ## - CATALOGING SOURCE | |
| Original cataloging agency | SEACOMEC |
| 041 ## - LANGUAGE CODE | |
| Language code | English |
| 082 ## - DEWEY DECIMAL CLASSIFICATION NUMBER | |
| Classification number | 005.8 |
| Book Number | R212 |
| 100 ## - MAIN ENTRY--PERSONAL NAME | |
| Personal name | Ransome, James F. |
| 245 ## - TITLE STATEMENT | |
| Title | Voice over Internet Protocol (VoIP) Security |
| Statement of responsibility | James F. Ransome and John W. Rittinghouse |
| 260 ## - IMPRINT | |
| Place of publication | New Delhi |
| Name of publisher | Elsevier |
| Date of publication | 2006 |
| 300 ## - PHYSICAL DESCRIPTION | |
| Page / Vol. No | 432p |
| Dimensions | 19.7 x 2.5 x 24.1 cm |
| 650 ## - SUBJECT ADDED ENTRY--TOPICAL TERM | |
| Topical term | Computer Programming |
| 700 ## - ADDED ENTRY--PERSONAL NAME | |
| Personal name | Rittinghouse , John W. |
| 942 ## - ADDED ENTRY ELEMENTS (KOHA) | |
| Koha item type | Books |
| Withdrawn status | Lost status | Source of classification | Damaged status | Not for loan | Home library | Current library | Date acquired | Total Checkouts | Call number | Accession number | Date last seen | Price effective from | Koha item type |
|---|---|---|---|---|---|---|---|---|---|---|---|---|---|
| Dewey Decimal Classification | SEACOM ENGINEERING COLLEGE | SEACOM ENGINEERING COLLEGE | 16/03/2024 | 005.8 R212 | 4136 | 16/03/2024 | 16/03/2024 | Books |
